00541 a2200169 450000500170000001000150001702000300003203500140006203700160007608200100009210000200010224500530012225000090017526000590018427000980024330000300034120211208113604.0 aENG-130231 c749.00a978-93-544-9502-1 aEN-113763 bDBAD / PUB a338.7 aFernandez, Agna aFernando's Business Enivornment:cAgna Fernandez a2022 aNoidabPearson India Education Services Pvt Ltd.c2022 bUttar Pradeshe201301a15th Floor, Tower-B, World Trade Tower, Plot No. 1, Block-C, Sector 16 axxix, E.351p.c24cm (pbk)